000 00892nam a2200253 i 4500
001 13012
003 ES-MaACL
005 20250703051953.0
007 t|
008 010222m19961997sp ||||1| spa d
020 _a84-226-6122-5 (Círculo de Lectores)
020 _a84-8109-092-1 (Galaxia Gutenberg)
080 _a821.134.2-821"19"
100 1 _aGarcía Lorca, Federico,
_d1898-1936
_954853
245 1 0 _aObras completas /
_cFederico García Lorca ; edición de Miguel García-Posada.
260 _aBarcelona :
_bGalaxia Gutenberg :
_bCírculo de Lectores,
_c1996-1997.
300 _a4 v. ;
_c21 cm.
490 1 _aOpera mundi
505 8 _aContiene : 1. Poesía -- 2. Teatro -- 3. Prosa -- 4. Primeros escritos
700 1 _aGarcía-Posada, Miguel,
_d1944-2012
_955131
830 0 _aOpera mundi
_9180669
852 _aES-MaACL
_jL-6872-75
_bR.125654
999 _c13012
_d13012